| 000 | 00000cam 2200000zi 4500 |
| 001 | 9.962643 |
| 003 | CaOODSP |
| 005 | 20260602103815 |
| 006 | m o d f |
| 007 | cr cn||||||||| |
| 008 | 260507t20262026bccabd ob f001 0 eng d |
| 020 | |a9780660998916 |
| 040 | |aCaOODSP|beng|erda|cCaOODSP |
| 043 | |an-cn-bc|an-cn-yk |
| 086 | 1 |aFs143-3/23-2634E-PDF |
| 245 | 00|aPacific Region integrated fisheries management plan, April 1, 2026 - March 31, 2027 - salmon, transboundary rivers. |
| 246 | 17|a2026/2027 salmon integrated fisheries management plan – transboundary rivers |
| 264 | 1|a[Vancouver] : |bFisheries and Oceans Canada = Pêches et océans Canada, |c2026. |
| 264 | 4|c©2026 |
| 300 | |a1 online resource (341 pages) : |billustrations, maps, graphs. |
| 336 | |atext|btxt|2rdacontent |
| 337 | |acomputer|bc|2rdamedia |
| 338 | |aonline resource|bcr|2rdacarrier |
| 490 | 1 |a[Pacific region integrated fisheries management plan], |x2564-002X ; |v23-2634 |
| 500 | |aCover title. |
| 504 | |aIncludes bibliographical references. |
| 520 | |a"The purpose of this Integrated Fisheries Management Plan (IFMP) is to identify the main objectives and requirements for the northwestern British Columbia and southwestern Yukon salmon fishery, as well as the management measures that will be used to achieve these objectives. This document also serves to communicate the basic information on the fishery and its management to Fisheries and Oceans Canada (DFO, the Department) staff, legislated comanagement boards, First Nations, harvesters, and other interested parties. This IFMP provides a common understanding of the basic “rules” for the sustainable management of the fisheries resource"--Foreword, page 26. |
| 650 | 0|aPacific salmon fisheries|zBritish Columbia|xManagement. |
| 650 | 6|aSaumons du Pacifique|xPêche commerciale|zColombie-Britannique|xGestion. |
| 710 | 1 |aCanada. |bDepartment of Fisheries and Oceans. |bPacific Region, |eissuing body. |
| 830 | #0|aPacific region integrated fisheries management plan ;|v23-2634.|w(CaOODSP)9.901435 |
| 856 | 40|qPDF|s6.43 MB|uhttps://publications.gc.ca/collections/collection_2026/mpo-dfo/Fs143-3-23-2634-eng.pdf |